Library Banner
Normal view MARC view

Entry Personal Name

Number of records used in: 1

001 - CONTROL NUMBER

  • control field: 9608

003 - CONTROL NUMBER IDENTIFIER

  • control field: PK-LaUMT

005 - DATE AND TIME OF LATEST TRANSACTION

  • control field: 20260305102226.0

008 - FIXED-LENGTH DATA ELEMENTS

  • fixed length control field: 260305|| aca||aabn | a|a d

040 ## - CATALOGING SOURCE

  • Original cataloging agency: PK-LaUMT
  • Transcribing agency: PK-LaUMT

100 ## - HEADING--PERSONAL NAME

  • Personal name: Bender, David A

670 ## - SOURCE DATA FOUND

  • Source citation: Work cat.: (PK-LaUMT)139977: Bender, David A., Nutritional biochemistry of the vitamins /, 2003